002240000a220007300045001000021000002450052000213000055000737730022001281 aLou Totten, Mary10aThe navajos' bitter struggle with casino gaming aVol.22, núm.4 (September, 2000), Páginas 24-250 tMission Frontiers